Responses for Show #5199 - Thursday, March 29, 2007

Contestants

[<< previous game]

Steven Price, a bartender and actor originally from Perkasie, Pennsylvania

Arlynda Boyer, a grant writer from Staunton, Virginia

Samantha Ross, a student from Hillsdale, New Jersey (whose 1-day cash winnings total $14,000)

[next game >>]

Jeopardy! Round responses

THE GOLDEN AGE OF TELEVISION
ALL CROATIA GREAT & SMALL
WORDS IN JEOPARDY!
(Alex: Each correct response will be a word that can be formed from the letters in the word "jeopardy".)
THE OLD COLLEGE TRY
LET'S SPEAK JAPANESE
STUPID ANSWERS
    $200 3
Dragnet

Steven
    $200 26
the Balkans

Arlynda
    $200 9
an oar

Steven
    $200 16
Oxford

Arlynda
    $200 1
coffee

Arlynda
    $200 21
(Steven: What is "Ohio"?)
...
(Samantha: What is "The Beautiful State of Ohio"?)
...
(Arlynda: [Refusing to ring in] I ain't that stupid.)
[Laughter from Alex and audience]

"Beautiful Ohio"

SamanthaSteven
Triple Stumper
    $400 4
Alfred Hitchcock

Steven
    $400 27
Catholic

Arlynda
    $400 10
rope

Steven
    $400 17
Georgetown

Arlynda
    $400 2
fire

Steven
    $400 22
(Alex: Way to go.)

"Beautiful Nebraska"

Samantha
    $600 5
Gunsmoke

Arlynda
    $1,500 28
Tito

Arlynda
    $600 11
prod

Arlynda
    $600 18
(Alex: Steven, stare him down!)

Arkansas (Razorbacks)

Steven
    $600 6
(Arlynda: [Without being called] What is [*]?)
(Alex: Steven.)
(Arlynda: Ha!)
(Steven: What is [*]?)
(Alex: Yes, Arlynda, remember you have to ring in.)

a tsunami

Steven
    $600 23
(Samantha: What is New York 1?)

The History Channel

Samantha
Triple Stumper
    $800 7
Lassie & Rin Tin Tin

Steven
    $800 29
[The end-of-round signal sounds.]

Bosnia and Herzegovina

Triple Stumper
    $800 12
reap

Steven
    $800 19
(Arlynda: What is UCLA?)

USC

ArlyndaSteven
    $800 14
sayonara

Steven
    $800 24
Luxembourg

Samantha
    $1000 8
Perry Mason

Steven
    $1000 13
ape

Steven
    $1000 20
Rhode Island School of Design

Arlynda
    $1000 15
heated

Arlynda
    $1000 25
Passion

Triple Stumper

Scores at the first commercial break (after clue 15):

Samantha Arlynda Steven
$0 $2,400 $6,600

Scores at the end of the Jeopardy! Round:

Samantha Arlynda Steven
$400 $5,300 $7,800

Double Jeopardy! Round responses

THE TUDORS
(Alex: ...and we'll be featuring clips from a new series that premieres this weekend on Showtime.)
FAMOUS PAIRS
STORIED HOTELS
FLOWERS
BEAUS
"ARROW"S
    $400 2
Catherine of Aragon

Samantha
    $400 11
Royce

Samantha
    $400 21
New Orleans

Steven
    $400 26
Christmas

Triple Stumper
    $400 16
Burt Reynolds

Steven
    $400 6
a straight arrow

Arlynda
    $800 3
Mary I

Samantha
    $800 12
Woodward

Arlynda
    $800 22
Truman Capote

Triple Stumper
    $800 27
(Texas) bluebonnets

Triple Stumper
    $800 17
Cameron Diaz

Samantha
    $800 7
Arrowhead Stadium

Steven
    $1200 1
"Sing a Song of Sixpence"

Arlynda
    $1200 13
Dolce

Arlynda
    $1200 23
(F. Scott) Fitzgerald

Arlynda
    $1200 28
(Steven: What is violet?)
(Arlynda: What is lilac?)
(Samantha: What is periwinkle?)
[The end-of-round signal sounds.]

lavender

SamanthaArlyndaSteven
Triple Stumper
    $1200 18
Stedman Graham

Samantha
    $1200 8
Arrowsmith

Steven
    $1600 4
(Thomas) More

Samantha
    $1600 14
Abelard

Arlynda
    $2,000 24
(Arlynda: What is For Whom the Bell Tolls?)
(Alex: Oh, no.)
(Arlynda: It's the other one.)
(Alex: The other one, [*].)

The Sun Also Rises

Arlynda
    $1600 19
(Alex: ...of KISS, yes.)

Gene Simmons

Arlynda
    $1600 9
arrowroot

Samantha
    $2000 5
(Samantha: Who is Archbishop Cramner?)

(Cardinal) Wolsey

SamanthaSteven
    $2000 15
Watson

Steven
    $2000 25
Rebecca

Arlynda
    $2000 20
Jackie Onassis

Arlynda
    $2000 10
Pierce-Arrow

Arlynda

Scores at the end of the Double Jeopardy! Round:

Samantha Arlynda Steven
$4,000 $16,100 $13,400

[wagering suggestions for these scores]

Final Jeopardy! Round responses

BIBLICAL TIMES
SamanthaWhat are ?
$4,000
StevenWhat are Pharisees?
$3,000
ArlyndaWhat are Sadduces?
$10,800
Pharisees

Final scores:

Samantha Arlynda Steven
$0 $5,300 $16,400
3rd place: $1,000 2nd place: $2,000 New champion: $16,400

Game dynamics:

Coryat scores:

Samantha Arlynda Steven
$4,000 $17,200 $13,400
9 R,
4 W
20 R
(including 1 DD),
3 W
(including 1 DD)
19 R,
2 W

Combined Coryat: $34,600

[game clues] [game scores] [suggest correction]

Game tape date: 2007-01-23
The J! Archive is created by fans, for fans. Scraping, republication, monetization, and malicious use prohibited; this site may use cookies and collect identifying information. See terms. The Jeopardy! game show and all elements thereof, including but not limited to copyright and trademark thereto, are the property of Jeopardy Productions, Inc. and are protected under law. This website is not affiliated with, sponsored by, or operated by Jeopardy Productions, Inc. Join the discussion at JBoard.tv.